Southville International School and Colleges
Your cart is empty.
  • Cart
  • Lists
    Public lists Eva Luna New books Lux_list list_1
    Your lists Log in to create your own lists
  • Log in to your account
  • Your cookies
  • Search history
Southville International School and Colleges
  • Advanced search
  • Recent comments
  • Most popular
  • Libraries

Log in to your account

Log in with GOOGLE


If you do not have an external account, but do have a local account, you can still log in:

  1. Home
  2. MARC view: The taming of the shrew /
Normal view MARC view ISBD view

The taming of the shrew / (Record no. 287993)

[ view plain ]
MARC details
000 -LEADER
fixed length control field 00545nam a2200169Ia 4500
008 - FIXED-LENGTH DATA ELEMENTS--GENERAL INFORMATION
fixed length control field 150610s9999 xx 000 0 und d
020 ## - INTERNATIONAL STANDARD BOOK NUMBER
International Standard Book Number 9781411401006
050 ## - LIBRARY OF CONGRESS CALL NUMBER
Classification number PR2832
Item number .A25 2004
100 ## - MAIN ENTRY--PERSONAL NAME
Personal name Shakespeare, William, 1564-1616
245 #4 - TITLE STATEMENT
Title The taming of the shrew /
Statement of responsibility, etc William Shakespeare .
260 ## - PUBLICATION, DISTRIBUTION, ETC. (IMPRINT)
Place of publication, distribution, etc New York :
Name of publisher, distributor, etc Spark Publishing,
Date of publication, distribution, etc 2004.
300 ## - PHYSICAL DESCRIPTION
Extent 249pages ;
Dimensions 20 cm.
520 ## - SUMMARY, ETC.
Summary, etc Juvenile drama.
650 ## - SUBJECT ADDED ENTRY--TOPICAL TERM
Topical term or geographic name as entry element Married people
General subdivision Juvenile drama.
650 ## - SUBJECT ADDED ENTRY--TOPICAL TERM
Topical term or geographic name as entry element Padua (Italy)
General subdivision Juvenile drama.
650 ## - SUBJECT ADDED ENTRY--TOPICAL TERM
Topical term or geographic name as entry element Sex role
Topical term following geographic name as entry element Juvenile drama.
Holdings
Withdrawn status Lost status Damaged status Home library Current library Shelving location Date acquired Total Checkouts Full call number Barcode Date last seen Price effective from Koha item type
      Stonyhurst Southville International School (Batangas) Stonyhurst Southville International School (Batangas) High School Section 06/10/2015   PR2832 .A25 2004 US-1859 06/10/2015 06/10/2015 Books

The taming of the shrew /

APA

Shakespeare W. 1., . (2004). The taming of the shrew. New York: Spark Publishing.

Chicago

Shakespeare William 1564-1616, . 2004. The taming of the shrew. New York: Spark Publishing.

Harvard

Shakespeare W. 1., . (2004). The taming of the shrew. New York: Spark Publishing.

MLA

Shakespeare William 1564-1616, . The taming of the shrew. New York: Spark Publishing. 2004.

  • Place hold
  • Print
  • Cite
  • Add to your cart (remove)
  • Save record
    BIBTEX Dublin Core MARCXML MARC (non-Unicode/MARC-8) MARC (Unicode/UTF-8) MARC (Unicode/UTF-8, Standard) MODS (XML) RIS
  • More searches
    Search for this title in:
    Other Libraries (WorldCat) Other Databases (Google Scholar) Online Stores (Bookfinder.com) Open Library (openlibrary.org)

Exporting to Dublin Core...

SOUTHVILLE LIBRARY

Southville International School and Colleges Library

1281 Tropical Ave. Cor. Luxembourg St., BF Homes International, Las Pinas City

Tel. No. 8256374 / 252358 Loc. 117/146

Powered by Koha